Songs to Albums: Taylor Swift - Hard - Statistics

General Stats
  • This quiz has been taken 2,619 times
  • The average score is 83 of 100
Answer Stats
Hint Explanation Answer % Correct
Red Track 2 Red
90%
Look What You Made Me Do Track 6 reputation
90%
Don't Blame Me Track 4 reputation
90%
Speak Now Track 4 Speak Now
90%
Blank Space Track 2 1989
89%
Welcome To New York Track 1 1989
89%
Fearless Track 1 Fearless
89%
ME! Track 16 Lover
89%
Lover Track 3 Lover
89%
Cruel Summer Track 2 Lover
89%
Anti-Hero Track 3 Midnights
89%
Midnight Rain Track 6 Midnights
89%
All Too Well Track 5 Red
89%
Enchanted Track 9 Speak Now
89%
Cornelia Street Track 9 Lover
88%
We Are Never Ever Getting Back Together Track 8 Red
88%
Delicate Track 5 reputation
88%
Fortnight Track 1 TTPD
88%
I Can Do It With A Broken Heart Track 13 TTPD
88%
Out Of The Woods Track 4 1989
87%
"Slut!" Track 17 1989
87%
cardigan Track 1 folklore
87%
Death By A Thousand Cuts Track 10 Lover
87%
Daylight Track 18 Lover
87%
You're On Your Own, Kid Track 5 Midnights
87%
Maroon Track 2 Midnights
87%
Gorgeous Track 8 reputation
87%
Call It What You Want Track 14 reputation
87%
Teardrops On My Guitar Track 3 Taylor Swift
87%
Down Bad Track 4 TTPD
87%
Guilty As Sin? Track 9 TTPD
87%
willow Track 1 evermore
86%
illicit affairs Track 10 folklore
86%
august Track 8 folklore
86%
Labyrinth Track 10 Midnights
86%
Sparks Fly Track 2 Speak Now
86%
Mine Track 1 Speak Now
86%
Back To December Track 3 Speak Now
86%
Picture To Burn Track 2 Taylor Swift
86%
The Manuscript Track 31 TTPD
86%
The Bolter Track 29 TTPD
86%
no body no crime Track 6 evermore
85%
I Forgot That You Existed Track 1 Lover
85%
New Year's Day Track 15 reputation
85%
King Of My Heart Track 10 reputation
85%
Mean Track 6 Speak Now
85%
Peter Track 28 TTPD
85%
'tis the damn season Track 4 evermore
84%
The Great War Track 15 Midnights
84%
Dancing With Our Hands Tied Track 11 reputation
84%
So It Goes... Track 7 reputation
84%
Mary's Song (Oh My My My) Track 10 Taylor Swift
84%
Our Song Track 11 Taylor Swift
84%
I Know Places Track 12 1989
83%
marjorie Track 13 evermore
83%
coney island Track 9 evermore
83%
exile Track 4 folklore
83%
invisible string Track 11 folklore
83%
mirrorball Track 6 folklore
83%
Hits Different Track 14 Midnights
83%
Paris Track 17 Midnights
83%
I Look In People's Windows Track 25 TTPD
83%
I Wish You Would Track 7 1989
82%
Suburban Legends Track 20 1989
82%
cowboy like me Track 11 evermore
82%
I Hate It Here Track 7 TTPD
82%
hoax Track 16 folklore
81%
Bigger Than The Whole Sky Track 16 Midnights
81%
Last Kiss Track 13 Speak Now
81%
Say Don't Go Track 18 1989
80%
right where you left me Track 16 evermore
80%
Hey Stephen Track 4 Fearless
80%
It's Nice To Have A Friend Track 17 Lover
80%
All You Had To Do Was Stay Track 5 1989
79%
closure Track 14 evermore
79%
peace Track 15 folklore
79%
Stay Stay Stay Track 9 Red
79%
I Bet You Think About Me Track 26 Red
79%
I Can See You Track 19 Speak Now
79%
Should've Said No Track 9 Taylor Swift
79%
A Place In This World Track 4 Taylor Swift
79%
Soon You'll Get Better Track 12 Lover
78%
Babe Track 24 Red
78%
Sad Beautiful Tragic Track 12 Red
78%
The Story Of Us Track 7 Speak Now
78%
epiphany Track 13 folklore
77%
Breathe Track 7 Fearless
76%
The Outside Track 6 Taylor Swift
76%
Tell Me Why Track 8 Fearless
75%
You're Not Sorry Track 9 Fearless
75%
Girl At Home Track 19 Red
74%
We Were Happy Track 23 Fearless
73%
A Perfectly Good Heart Track 14 Taylor Swift
73%
Today Was A Fairytale Track 20 Fearless
72%
it's time to go Track 17 evermore
71%
The Moment I Knew Track 17 Red
71%
Come In With The Rain Track 17 Fearless
68%
I'm Only Me When I'm With You Track 12 Taylor Swift
68%
The Other Side Of The Door Track 19 Fearless
67%
Stay Beautiful Track 8 Taylor Swift
65%
No matching quizzes found
Score Distribution
Percent of People with Each Score
Percentile by Number Answered
Your Score History
You have not taken this quiz